Notre Amerique / (Record no. 65037)

MARC details
000 -LEADER
campo de control de longitud fija 00596nam a2200205 i 4500
001 - NÚMERO DE CONTROL
campo de control 65037
003 - IDENTIFICADOR DE NÚMERO DE CONTROL
campo de control ES-MaACL
005 - FECHA Y HORA DE LA ÚLTIMA TRANSACCIÓN
campo de control 20250830220940.0
007 - CAMPO FIJO DE DESCRIPCIÓN FÍSICA--INFORMACIÓN GENERAL
campo de control de longitud fija t|
008 - DATOS DE LONGITUD FIJA--INFORMACIÓN GENERAL
campo de control de longitud fija 040108s1920 fr ||||1| fre d
100 1# - ENTRADA PRINCIPAL--NOMBRE DE PERSONA
Nombre de persona Frank, Waldo.
9 (RLIN) 52316
245 10 - MENCIÓN DEL TÍTULO
Título Notre Amerique /
Mención de responsabilidad, etc. Waldo Frank ; traduction de H. Boussinesq.
250 ## - MENCION DE EDICION
Mención de edición 2eme ed.
260 ## - PUBLICACIÓN, DISTRIBUCIÓN, ETC.
Lugar de publicación, distribución, etc. Paris :
Nombre del editor, distribuidor, etc. [s.n.],
Fecha de publicación, distribución, etc. 1920 (
Lugar de fabricación/manufactura Argentenil :
Fabricante impr. Coulouma)
300 ## - DESCRIPCIÓN FÍSICA
Extensión 326 p. ;
Dimensiones 19 cm.
651 #4 - PUNTO DE ACCESO ADICIONAL DE MATERIA--NOMBRE GEOGRÁFICO
Nombre geográfico Estados Unidos-
Subdivisión general Civilización
9 (RLIN) 8535
700 1# - ENTRADA AGREGADA--NOMBRE PERSONAL
Nombre de persona Boussinesq, H.
9 (RLIN) 31043
852 ## - LOCALIZACIÓN
Ubicación ES-MaACL
Número de control de estantería F-10093
Holdings
Estatus retirado Estado de pérdida Estado de daño No para préstamo Biblioteca de origen Biblioteca actual Ubicación en estantería Fecha de adquisición Fuente de adquisición Total de préstamos Signatura topográfica completa Código de barras Visto por última vez Precio de reemplazo Tipo de ítem Koha
        Biblioteca del Ateneo de Madrid Biblioteca del Ateneo de Madrid Sala Pecera Planta 2 17/01/2008     F-10093 1068142 23/02/2023 23/02/2023 Libro impreso